000 00718cab a2200241 4500
001 WB3045-71
008 090401t1994 xxu||||| |||| 00| 0 eng d
035 _a(Sirsi) u16736
041 _aeng
245 _aTransition scheme
260 _c1994
350 _a0
490 _aDoE News Release
_v)669) 29 November 1994 (3)
520 _aProposals for new transitional arrangements to phase in business rate increases arising from the 1995 revaluation in England have been announced.
650 _aPHASING
650 _aRATING REVALUATION
650 _aTRANSITIONAL ARRANGEMENTS
650 _aUBR
650 _aUNIFORM BUSINESS RATE
690 _aRATING AND VALUATION
942 _n0
948 _c04/03/1997
999 _c11060
_d11060